Mzdy a personalistika – možnosti vedenia účtovných záznamov a operatívnych evidencií pomocou prostriedkov výpočtovej techniky a ekonomického systému POHODA bakalárska práca

Gespeichert in:
Bibliographische Detailangaben
1. Verfasser: Vojtaššák, Frederik
Körperschaft: Fakulta hospodárskej informatiky EU. Katedra účtovníctva a audítorstva
Weitere Verfasser: Vašeková, Miroslava, 1978-
Format: Buch
Sprache:Slowakisch
Veröffentlicht: Bratislava 2017
Tags: Tag hinzufügen
Keine Tags, Fügen Sie das erste Tag hinzu!

MARC

LEADER 00000nbm a2200000 4500
001 0233188
005 20180412144226.5
041 0 |a slo 
044 |a SK 
245 1 0 |a Mzdy a personalistika – možnosti vedenia účtovných záznamov a operatívnych evidencií pomocou prostriedkov výpočtovej techniky a ekonomického systému POHODA  |b bakalárska práca  |c Frederik Vojtaššák ; školiteľ: Miroslava Vašeková 
264 1 |a Bratislava  |c 2017 
300 |a 38 s. 
100 1 |a Vojtaššák, Frederik 
700 1 |a Vašeková, Miroslava, 1978- 
710 2 |a Fakulta hospodárskej informatiky EU. Katedra účtovníctva a audítorstva